000 00218 a2200097 4500
001 10880
100 _aB. A. Bagvi
245 _athe Division of inherilance
260 _a
_bPak Recearch Centre
_c
090 _c8454
_d8454
942 _aNUST-CAE
_cM
_c35216
999 _c245953
_d245953